Previous Club -- Barcelona Players - Statistics

General Stats
  • This quiz has been taken 36 times
  • The average score is 10 of 13
Answer Stats
Hint Answer % Correct
Robert Lewandowski Bayern Munchen
100%
Frenkie de Jong AFC Ajax
97%
Andreas Christensen Chelsea
88%
Raphinha Leeds United
88%
Ferran Torres Manchester City
88%
Marcus Rashford Aston Villa
84%
Dani Olmo RB Leipzig
84%
Jules Koundé Sevilla
81%
Pedri Las Palmas
72%
Joan García Espanyol
66%
Marc-André ter Stegen Borussia Monchengladbach
63%
Roony Bardghji FC København
59%
Eric García Girona FC
41%
No matching quizzes found
Score Distribution
Percent of People with Each Score
Percentile by Number Answered
Your Score History
You have not taken this quiz